000 00372nam a2200145Ia 4500
005 20251222175918.0
008 251222s9999||||xx |||||||||||||| ||spa||
020 _a8473561708
082 _a658/G45
100 _aGil Estallo, MarĂ­a de los Angeles
245 0 _aComo Crear y Hacer Funcionar una Empresa:
250 _a4a. ed.
264 _bEditorial Esic
942 _cLIB
999 _c40569
_d40569